Turkish Airlines Destinations - Statistics

General Stats
  • This quiz has been taken 693 times
  • The average score is 42 of 297
Answer Stats
Country City % Correct
Afghanistan Kabul
79%
Austria Vienna
72%
Azerbaijan Baku
66%
Albania Tirana
66%
Belgium Brussels
64%
Argentina Buenos Aires
59%
Bulgaria Sofia
57%
Brazil Sao Paulo
55%
China Beijing
53%
Belarus Minsk
53%
Bosnia and Herzegovina Sarajevo
52%
Canada Toronto
52%
Turkey Mus
50%
Bangladesh Dhaka
49%
France Paris
49%
Austria Salzburg
48%
Egypt Cairo
46%
China Shanghai
45%
Germany Berlin
44%
Croatia Zagreb
43%
Bahrain Manama
42%
Denmark Copenhagen
41%
Czech Republic Prague
40%
Canada Montreal
38%
Hong Kong Hong Kong
36%
Norway Oslo
36%
Turkey Istanbul
35%
Russia Moscow
35%
Germany Frankfurt
34%
Cuba Havana
34%
Portugal Porto
34%
Colombia Bogota
33%
Qatar Doha
32%
Austria Graz
32%
United Kingdom London
32%
Germany Munich
32%
Turkey Ankara
31%
Finland Helsinki
31%
Portugal Lisbon
31%
China Guangzhou
30%
Algeria Oran
30%
France Lyon
29%
Poland Warsaw
29%
Greece Athens
28%
Pakistan Islamabad
28%
United States New York
28%
Italy Rome
28%
Romania Bucharest
27%
Philippines Manila
27%
Russia Saint Petersburg
27%
Egypt Alexandria
26%
Spain Madrid
26%
France Marseille
26%
Cambodia Phnom Penh
26%
Bulgaria Varna
26%
India Delhi
25%
Germany Hamburg
25%
Turkey Izmir
25%
Pakistan Karachi
25%
Oman Muscat
25%
Estonia Tallinn
25%
Turkey Van
25%
Austria Linz
24%
France Nice
24%
Spain Barcelona
23%
Saudi Arabia Riyadh
23%
North Macedonia Skopje
23%
Japan Tokyo
23%
Netherlands Amsterdam
22%
Croatia Dubrovnik
22%
Germany Dusseldorf
22%
Italy Milan
22%
Cameroon Yaounde
22%
Pakistan Lahore
21%
United States Los Angeles
21%
India Mumbai
21%
Iran Tehran
21%
United Arab Emirates Abu Dhabi
20%
Ethiopia Addis Ababa
20%
Turkey Antalya
20%
Burkina Faso Ouagadougou
20%
Panama Panama City
20%
Saudi Arabia Jeddah
19%
Belgium Liège
19%
Chad N'Djamena
19%
Georgia Tbilisi
19%
Serbia Belgrade
18%
Ireland Dublin
18%
Democratic Republic of the Congo Kinshasa
18%
Ukraine Kiev
17%
United Kingdom Manchester
17%
Israel Tel Aviv
17%
Switzerland Zurich
17%
Iraq Baghdad
16%
Singapore Singapore
16%
France Bordeaux
15%
Cameroon Douala
15%
Switzerland Geneva
15%
Indonesia Jakarta
15%
South Korea Seoul
15%
Sweden Stockholm
15%
Germany Stuttgart
15%
United States Chicago
14%
Benin Cotonou
14%
Senegal Dakar
14%
Saudi Arabia Medina
14%
Italy Naples
14%
United States Washington D. C.
14%
Turkey Adana
13%
Algeria Algeirs
13%
Kazakhstan Astana
13%
Mexico Mexico City
13%
United States Miami
13%
France Toulouse
13%
Italy Venice
13%
Thailand Bangkok
12%
Turkey Bursa
12%
South Africa Johannesburg
12%
Latvia Riga
12%
Tunisia Tunis
12%
Eritrea Asmara
11%
United Sates Boston
11%
Morocco Casablanca
11%
Indonesia Denpasar
11%
Germany Hanover
11%
Comoros Moroni
11%
Kenya Nairobi
11%
United States San Francisco
11%
Ghana Accra
10%
Jordan Amman
10%
United States Atlanta
10%
Lebanon Beirut
10%
South Africa Cape Town
10%
Algeria Constantine
10%
United Kingdom Edinburgh
10%
Egypt Hurghada
10%
Turkey Konya
10%
Malaysia Kuala Lumpur
10%
Kuwait Kuwait City
10%
Turkey Trabzon
10%
Lithuania Vilnius
10%
Denmark Billund
9%
Azerbaijian Ganja
9%
Russia Kazan
9%
Nigeria Lagos
9%
Germany Leipzig
9%
Egypt Sharm El Sheikh
9%
Kazakhstan Almaty
8%
India Bangalore
8%
Turkey Bodrum
8%
Turkey Gaziantep
8%
United States Houston
8%
Germany Nuremburg
8%
Kosovo Pristina
8%
United Kingdom Birmingham
7%
Kyrgyzstan Bishkek
7%
Germany Bremen
7%
India Chennai
7%
Sri Lanka Colombo
7%
Curacao Curacao
7%
Saudi Arabia Dammam
7%
Turkey Erzurum
7%
Slovenia Ljubljana
7%
Maldives Male
7%
Afghanistan Mazar-i-Sharif
7%
Uzebekistan Tashkent
7%
Italy Turin
7%
Spain Valencia
7%
Russia Yekaterinburg
7%
Nigeria Abuja
6%
Romania Cluj-Napoca
6%
Turkey Diyarbakir
6%
Iraq Erbil
6%
Vietnam Hanoi
6%
India Hyderabad
6%
Nepal Kathmandu
6%
Turkey Kayseri
6%
Sudan Khartoum
6%
Rwanda Kigali
6%
Spain Malaga
6%
Morocco Marrakesh
6%
Somalia Mogadishu
6%
Turkey Samsun
6%
Taiwan Taipei
6%
Ivory Coast Abidjan
5%
Turkey Alanya
5%
Turkmenistan Ashgabat
5%
Mali Bamako
5%
Gambia Banjul
5%
Georgia Batumi
5%
Venezuela Caracas
5%
Tanzania Dar es Salaam
5%
South Africa Durban
5%
Sierra Leone Freetown
5%
Sweden Gothenburg
5%
Vietnam Ho Chi Minh City
5%
Niger Niamey
5%
Ukraine Odessa
5%
Montenegro Podgorica
5%
Russia Rostov-on-Don
5%
Russia Samara
5%
Turkey Sanliurfa
5%
Russia Sochi
5%
Italy Bari
4%
Guinea Conakry
4%
Romania Constanta
4%
Turkey Dalaman
4%
Turkey Kars
4%
Russia Krasnodar
4%
Gabon Libreville
4%
Zambia Lusaka
4%
Luxembourg Luxembourg City
4%
Ukraine Lviv
4%
United Arab Emirates Sharjah
4%
Russia Ufa
4%
Iraq Basra
3%
Spain Bilbao
3%
Italy Bologna
3%
Turkey Canakkale
3%
Italy Catania
3%
Moldova Chisinau
3%
Tukey Hakkari
3%
Turkey Hatay
3%
Iran Isfahan
3%
Nigeria Kano
3%
Seychelles Mahe
3%
Turkey Mardin
3%
Iran Mashhad
3%
Azerbaijan Nakhchivan
3%
Thailand Phuket
3%
Iran Shiraz
3%
Turkey Sinop
3%
Turkey Sivas
3%
Iran Tabriz
3%
Mongalia Ulaanbaatar
3%
Malta Valletta
3%
Turkey Adiyaman
2%
Turkey Agri
2%
Madagascar Antananarivo
2%
Turkey Batman
2%
Brazil Campinas
2%
Turkey Denizli
2%
Tajikistan Dushanbe
2%
Turkey Elazig
2%
Turkey Erzincan
2%
Germany Friedrichshafen
2%
Turkey Kahramanmaras
2%
Ukraine Kharkiv
2%
Turkey Kutahya
2%
Turkey Malatya
2%
Mozambique Maputo
2%
Kenya Mombasa
2%
Turkey Nevsehir
2%
Mauritania Nouakchott
2%
Turkey Ordu, Giresun
2%
Italy Pisa
2%
Ireland Shannon
2%
Turkey Sirnak
2%
Turkey Tekirdag
2%
Tanzania Zanzibar
2%
Japan Aqaba
1%
Turkey Bingol
1%
Germany Cologne, Bonn
1%
Turkey Edremit
1%
Uganda Entebbe
1%
Saudi Arabia Gassim
1%
Turkey Igdir
1%
Turkey Isparta
1%
Turkey Kastamonu
1%
Tanzania Kilimanjaro
1%
Turkey Kocaeli
1%
Slovakia Košice
1%
Germany Munster, Osnabruck
1%
Iraq Najaf
1%
Northern Cyprus North Nicosia
1%
Mauritius Port Louis
1%
Uzbekistan Samarkand
1%
Turkey Siirt
1%
Saudi Arabia Ta'if
1%
Greece Thesaloniki
1%
Turkey Usak
1%
Russia Voronezh
1%
Saudi Arabia Yanbu
1%
Turkey Zonguldak
1%
Switzerland, France, Germany Basel, Mulhouse, Freiburg
0%
Djibouti Dijibouti City
0%
Ukraine Dnipro
0%
United Arab Emirates Dunbai
0%
Hungary Hungary
0%
Germany Karlsruhe, Baden-Baden
0%
Ukraine Kherson
0%
Netherlands Maastricht
0%
Turkey Merzifon
0%
Uzbekistan Navoiy
0%
Sudan Port Sudan
0%
Iraq Sulaymaniyah
0%
Ukraine Zaporizhia
0%
No matching quizzes found
Score Distribution
Percent of People with Each Score
Percentile by Number Answered
Your Score History
You have not taken this quiz